Online Catalogue and eLibrary

Pravada (Record no. 5084)

MARC details
000 -LEADER
fixed length control field 00416nam a2200169Ia 4500
005 - DATE AND TIME OF LATEST TRANSACTION
control field 20250528030720.0
008 - FIXED-LENGTH DATA ELEMENTS--GENERAL INFORMATION
fixed length control field 240331s9999 xx 000 0 und d
020 ## - INTERNATIONAL STANDARD BOOK NUMBER
ISBN 13910949
082 ## - DDC Classification
Item Number - Author Mark PRA
Class No. 303
100 ## - MAIN ENTRY--PERSONAL NAME
Personal name
245 #0 - TITLE STATEMENT
Title Pravada
260 ## - PUBLICATION, DISTRIBUTION, ETC.
Place of publication, distribution, etc. Colombo
Name of publisher, distributor, etc. Social Scientist Association
Date of publication, distribution, etc. 2002
300 ## - PHYSICAL DESCRIPTION
Extent (e.g. Volumes, Pages etc.) 191 p .,
500 ## - GENERAL NOTE
General note conflict resolution Sri Lanka
700 ## - ADDED ENTRY--PERSONAL NAME
Personal name Samaja Sangamaya.
Relator term (Role) Editor
942 ## - Koha item type (Biblio)
Koha item type Books in Stacks (Lending)
Holdings
Lost status Damaged status Collection code Home library Current library Shelving location Date acquired Full call number Accession Number Item type
    Lending WERC Library WERC Library Social Science Cupboard 03/31/2024 303.6 PRA 6344 Books in Stacks (Lending)

© WERC Library